Children of Darkness (Record no. 335023)
[ view plain ]
| 000 -LEADER | |
|---|---|
| fixed length control field | 00497nam a2200097Ia 4500 |
| 008 - FIXED-LENGTH DATA ELEMENTS--GENERAL INFORMATION | |
| fixed length control field | 170517s9999 xx 000 0 und d |
| 245 ## - TITLE STATEMENT | |
| Title | Children of Darkness |
| 300 ## - PHYSICAL DESCRIPTION | |
| Extent | This is an Oscar nominated 1983 documentary film exploring the issue of mentally ill children and the institutions they lived in. The film not only exposed the abuse in mental institutions but it also educated people that mental illness... |
| 650 ## - SUBJECT ADDED ENTRY--TOPICAL TERM | |
| General subdivision | Technology. |
| 856 ## - ELECTRONIC LOCATION AND ACCESS | |
| Uniform Resource Identifier | <a href="http://topdocumentaryfilms.com/children-darkness/">http://topdocumentaryfilms.com/children-darkness/</a> |
| Withdrawn status | Lost status | Damaged status | Home library | Current library | Date acquired | Total Checkouts | Date last seen | Price effective from | Koha item type |
|---|---|---|---|---|---|---|---|---|---|
| College Library | College Library | 05/17/2017 | 05/17/2017 | 05/17/2017 | Documentary Films |